| 000 | 01559nam0a2200361 4500 | ||
|---|---|---|---|
| 001 | RU\NLR\BIBL_A\022606779 | ||
| 005 | 20251217141949.0 | ||
| 010 |
_a978-5-6052211-0-4 _9120 |
||
| 021 |
_aRU _bКН-П-25-038603 _9КН-П-25-3777 |
||
| 035 | _a(NLR Aleph) 022606779 | ||
| 090 |
_a13506384 _c13506384 |
||
| 100 | _a20250822d2024 u y0rusy50 ca | ||
| 101 | 0 | _arus | |
| 102 | _aRU | ||
| 105 | _aacg z 000zy | ||
| 181 | 0 |
_ai _baxxe |
|
| 182 | 0 | _an | |
| 200 | 1 |
_aВ кольце Сатурна _eстихотворения, переводы, песни, заметки _fСергей Герасимович _g[рисунки Александр Макаренков] |
|
| 203 |
_aТекст _bвизуальный _cнепосредственный |
||
| 210 |
_aМосква _cГефест _d2024 |
||
| 215 |
_a93, [2] с. _cил., портр., ноты _d21 |
||
| 300 | _aВ аннот. авт.: Герасимович С. – переводчик | ||
| 320 | _aДругие тр. авт. в конце кн. | ||
| 327 | 1 | _aСодерж. разд.: Vice Versa ; Scriptura Brevis ; Песни ; Мозамбикский дневник | |
| 686 | 1 | _aЩ319.41(2) | |
| 686 | 2 | _aШ6(2=Р)8я44 | |
| 700 | 1 |
_aГерасимович _bС. _f1962- _gСергей |
|
| 702 | 1 |
_4440 _7ca _8rus _aМакаренков _bА. О. _cст. _cпоэт, художник _f1962- _gАлександр Олегович _915461 _3RU\NLR\AUTH\7732453 |
|
| 942 | _cBOOK | ||
| 980 | _aNB | ||